000 00658nam a2200193 i 4500
001 47446
003 ES-MaACL
007 t|
008 030425s1946 ag ||||1| spa d
100 1 _aBello, Andrés.
_927233
245 1 0 _aPrincipios de derecho internacional /
_cAndrés Bello ; estudio preliminar Andres Bello: noticia de su vida y de su obra... / por Rafael Caldera.
260 _aBuenos Aires :
_bAtalaya,
_c[1946]
300 _a397 p. ;
_c23 cm.
490 1 _aBiblioteca jurídica Atalaya
700 1 _aCaldera, Rafael.
_933585
830 0 _aBiblioteca jurídica Atalaya
_9187090
852 _aES-MaACL
_jE-2080
_bR.23318
999 _c47446
_d47446